[Event "EU-ch 3rd"]
[Site "Batumi"]
[Date "2002.06.21"]
[Round "9"]
[White "Kotronias, Vasilios"]
[Black "Gagunashvili, Merab"]
[Result "0-1"]
[WhiteElo "2580"]
[BlackElo "2472"]
[Annotator "Avrukh,B"]
[PlyCount "62"]
[EventDate "2002.06.12"]
[EventType "swiss"]
[EventRounds "13"]
[EventCountry "GEO"]
[SourceTitle "CBM 090"]
[Source "ChessBase"]
[SourceDate "2002.09.20"]
[SourceVersion "1"]
[SourceVersionDate "2002.09.20"]
[SourceQuality "1"]

1. e4 d6 2. d4 Nf6 3. Nc3 g6 4. Bg5 c6 5. Qd2 b5 6. Bd3 Bg7 7. f4 O-O 8. a3 $5
{Rare but interesting continuation,preventing b4 white attending to play e4-e5
very quickly.Still in my opinion Nf3 creates a lot of problems for black} h6 (
8... Bb7 9. Nf3 (9. e5 Nfd7 {[%cal Gf7f6]}) 9... a5 10. O-O b4 11. Na4 (11. Ne2
c5 12. e5 {looks like a critical continuation}) 11... c5 {[%csl Ge4]} 12. e5
Bc6 $5 {[%csl Ga4]} 13. exf6 exf6 14. Bh4 Bxa4 15. axb4 axb4 16. d5 Ra5 17. c3
Bb5 $15 {1/2-1/2 Yuneev,A-Gubanov,A/St Petersburg 1993/TD (55)}) 9. Bh4 e5 10.
dxe5 dxe5 11. O-O-O $2 {Now a2-a3 move is really becoming a headeache for
white,because it's now much easy for black to create dangerous attack on on
queenside.} (11. fxe5 $142 $1 Nxe4 12. Bxd8 Nxd2 13. Bf6 Bxf6 (13... Nc4 14.
Bxc4 bxc4 15. O-O-O (15. Bxg7 $143 Kxg7 16. O-O-O Re8 17. Nf3 Bg4 $132) 15...
Be6 16. Bxg7 (16. Nf3 $143 Bxf6 17. exf6 Nd7 18. Ne4 Bd5 {[%csl Gf6]}) 16...
Kxg7 17. Nf3 Nd7 18. Rd6 {and white is clearly better ,for example:} Bg4 {
[%csl Ge5]} 19. Rg1 $1 Bxf3 $140 20. Rxd7 $16) 14. exf6 Nc4 15. Bxc4 bxc4 16.
O-O-O Be6 17. Nge2 Nd7 18. Nf4 (18. Ne4 Bd5 19. N2c3 Nb6 $13) 18... Nxf6 19.
Nxe6 fxe6 20. Rd6 Nd5 $140 21. Ne4 $1 $16) 11... Nbd7 12. Nf3 Qe7 {Now black
managed to consolidate his position and white has to be careful not to get
under attack} 13. fxe5 (13. f5 b4 14. axb4 Qxb4 $36) (13. Rhe1 b4 14. fxe5 Nxe5
15. axb4 Nxf3 16. gxf3 Qxb4 $36) 13... Nxe5 14. Be2 (14. Nxe5 Qxe5 15. Bg3 Qe7
$15) 14... a5 15. Nxe5 $2 (15. Qd6 Qxd6 16. Rxd6 Ne8 $140 $6 (16... Nfd7 17.
Rhd1 $11) 17. Rd8 b4 18. Na4 bxa3 19. bxa3 $16 {[%cal Ga4b6]}) 15... Qxe5 16.
Bg3 (16. Qd6 $142 Qxd6 17. Rxd6 g5 18. Be1 b4 19. Nb1 Nxe4 20. Rxc6 Re8 $15)
16... Qe6 17. e5 (17. Qd6 b4) 17... Nd7 18. Ne4 Nxe5 $17 19. Kb1 {[%csl Ga2]} (
19. Nc5 Qa2 $1 $19) 19... Nc4 $1 (19... b4 $143 20. a4 b3 21. c3 $1 Nc4 22. Qf4
{doesn't look clear}) 20. Bxc4 Qxc4 21. Nd6 (21. Rhe1 Be6 (21... Bg4 $140 22.
b3 Qe6 23. Nf2 Qf5 24. Nxg4 Qxg4 25. Be5 {and it will be not so easy to
convert extra pawn}) 22. b3 Qd5 23. Qf2 Qf5 $17) 21... Qg4 (21... Qa4 $143 $2 {
[%cal Gb5b4]} 22. Rhe1 b4 23. Be5 $1 $13 bxa3 $140 24. Bxg7 Kxg7 25. Re4 {
[%csl Ra4]}) 22. Bf4 {[%csl Gh6]} (22. Rhe1 Be6 (22... b4 23. Ne8 $1) 23. Be5
Bxe5 24. Rxe5 Rad8 $17) (22. Nxc8 Rfxc8 23. Rhe1 Re8 $17) 22... g5 23. Be3 Be6
24. h4 {Looks like white managed to create some kind of counterplay,but in
fact black attack with support of two bishops really decisive} b4 $1 25. hxg5 (
25. a4 b3) 25... bxa3 26. gxh6 ({More stubborn was} 26. Bd4 {but after} Bxd4
27. Qxd4 Qxd4 28. Rxd4 a2+ 29. Ka1 hxg5 30. c4 Rfd8 31. Rhd1 Rab8 32. Kxa2 a4 {
black should to convert his extra pawn}) 26... Bxb2 $1 $19 {Now black attack
becoming decisive} 27. Bd4 f6 28. h7+ (28. Bxb2 Rab8 29. Qd4 Rxb2+ 30. Kc1 Rfb8
$19) 28... Kh8 29. c4 (29. Qf2 Rab8) 29... Rab8 30. Ka2 c5 $1 31. Bxc5 Bxc4+
0-1

[Event "Sigeman & Co 10th"]
[Site "Malmo"]
[Date "2002.06.12"]
[Round "7"]
[White "Short, Nigel D"]
[Black "Timman, Jan H"]
[Result "1/2-1/2"]
[WhiteElo "2673"]
[BlackElo "2616"]
[Annotator "Avrukh,B"]
[PlyCount "43"]
[EventDate "2002.06.06"]
[EventType "tourn"]
[EventRounds "9"]
[EventCountry "SWE"]
[EventCategory "13"]
[SourceTitle "CBM 090"]
[Source "ChessBase"]
[SourceDate "2002.09.20"]
[SourceVersion "1"]
[SourceVersionDate "2002.09.20"]
[SourceQuality "1"]

1. e4 d6 2. f4 d5 $5 3. exd5 Nf6 4. Nf3 (4. Bc4 $6 {not the best square for
white bishop} Nxd5 5. Nc3 $6 Nb6 ({Why not} 5... Nxf4 6. Qf3 e5 $17) 6. Bb3 g6
(6... e6 $5) 7. Nf3 Bg7 8. d4 O-O 9. Ne5 Nc6 10. Be3 Na5 11. Qf3 Nxb3 12. axb3
c6 $11 {0-1 Martin Gonzalez,A-Teran Alvarez,I/Cala Galdana 2001/CBM 84 ext (21)
}) (4. c4 c6 5. Nc3 (5. dxc6 $143 Nxc6 $44 {[%csl Gd4,Gf4]}) 5... cxd5 6. cxd5
Nxd5 7. Nf3 Nc6 8. Bc4 e6 9. d4 Bb4 10. Bxd5 exd5 11. O-O O-O {1/2-1/2 Montell
Lorenzo,J-Oratovsky,M/Salou 2000/CBM 80 (11)}) 4... Nxd5 5. d4 g6 (5... Bg4 {
Interesting to check}) 6. Bc4 ({Much more promise} 6. c4 Nb6 7. Nc3 Bg7 (7...
Bg4 8. h3 $1 (8. c5 Nd5 9. Qb3 Nxc3 10. bxc3 Bxf3 11. gxf3 b6 $13) 8... Bxf3 9.
Qxf3 {[%csl Gb7]} Nc6 10. d5 Nd4 11. Qd3 Bg7 12. Be3 Nf5 13. Bf2 {[%cal Gg2g4]
and white is clearly better}) 8. h3 $1 (8. Be3 Bg4 $1 9. Be2 O-O 10. O-O Bxf3
$1 (10... Nc6 $140 $2 11. d5 Na5 12. Ne5 $1 Bxe5 13. fxe5 Naxc4 14. Bh6 Bxe2
15. Qxe2 Re8 16. b3 Na5 17. Qf2 f6 18. Qc5 $18 {[%csl Ga5]}) 11. Rxf3 e6 $132 {
[%csl Gd4][%cal Gb8c6]}) 8... O-O 9. Be3 $14 {should be the best reaction for
white}) 6... Bg7 7. O-O O-O 8. Bb3 Bg4 9. c3 e6 $1 {Now black idea is becoming
clear and white cannot prevent coming c7-c5} 10. h3 (10. Qe1 $143 $6 {[%cal
Gf3e5]} Bxf3 11. Rxf3 c5 12. dxc5 Qc7 13. Qf2 Nf6 $1 $15 {[%cal Gf6e4,Gf6g4]})
10... Bxf3 11. Qxf3 c5 $1 12. dxc5 (12. Bxd5 $143 Qxd5 (12... exd5 13. dxc5 Nc6
14. Rd1 d4 15. Be3 $13) 13. Qxd5 exd5 14. dxc5 d4 $36) 12... Qc7 13. Bxd5 {
What else?Otherwise black getting better positions thanks to the f4-pawn.}
Qxc5+ 14. Be3 Qxd5 15. Qxd5 exd5 16. Rd1 (16. Na3 Nc6 ({Not enough} 16... d4 $2
17. Bxd4 Bxd4+ 18. cxd4 Rd8 19. Rfd1 Rd5 20. Nc2 Nc6 21. Rd2 Rad8 22. Rad1 $16)
17. Rfd1 Rfd8 (17... Rfe8 18. Kf2) 18. Nb5 a6 19. Nd4 Na5 $1 {[%cal Ga5c4]} 20.
b3 Rac8 21. Rac1 Rd7 $11 {[%cal Gd7c7]}) 16... Rd8 17. Nd2 Nc6 18. Nb3 b5 19.
Rd2 $6 (19. Nd4 $142 {creates more problems for black} Na5 $1 (19... Bxd4 $2
20. Bxd4 Re8 21. Bc5 Re2 22. b4 $16 {[%csl Gd5][%cal Ga2a4]}) (19... Nxd4 20.
Bxd4 a5 21. Bxg7 Kxg7 22. Rd4 $1 Rd6 (22... Kf6 23. Rad1 Ke6 24. Re1+ $1 Kd6
25. Re5 Kc6 26. Re7 $16) 23. Rad1 Rad8 24. g4 $1 {maybe black can hold this
endgame,but it's looking very unpleasant}) 20. Nxb5 (20. b3 {[%csl Gc3]} a6 21.
Rd3 Rac8 22. Rad1 Nc6 $11) 20... Nc4 {[%csl Gb2,Ge3]} 21. Bxa7 (21. Bc1 Rab8
22. Nxa7 (22. a4 a6 23. Nc7 d4 $1 24. Nxa6 dxc3) 22... Nxb2 23. Bxb2 Rxb2 24.
Nc6 Re8 $1 {[%cal Ge8e2]}) 21... Nxb2 22. Rdb1 Nd3 {[%csl Gf4][%cal Gg7c3]} 23.
Be3 Re8 24. Bd4 Re2 $132) 19... a5 20. Nd4 Nxd4 21. Bxd4 b4 {[%csl Gc3] Black
just in time,creating counterplay on queenside} 22. Bxg7 (22. Bxg7 Kxg7 23.
Rad1 bxc3 24. bxc3 Rdc8 $1 {completely equal}) 1/2-1/2

[Event "CUB-ch"]
[Site "Holguin"]
[Date "2002.04.13"]
[Round "12"]
[White "Herrera, Irisberto"]
[Black "Alvarez, Jose"]
[Result "1-0"]
[WhiteElo "2474"]
[BlackElo "2403"]
[Annotator "Avrukh,B"]
[PlyCount "43"]
[EventDate "2002.03.31"]
[EventType "tourn"]
[EventRounds "17"]
[EventCountry "CUB"]
[EventCategory "9"]
[SourceTitle "CBM 089"]
[Source "ChessBase"]
[SourceDate "2002.08.12"]
[SourceVersion "1"]
[SourceVersionDate "2002.08.12"]
[SourceQuality "1"]

1. e4 {Cifuentes Parada} d6 2. d4 Nf6 3. Nc3 e5 4. dxe5 dxe5 5. Qxd8+ Kxd8 6.
Bg5 (6. Bc4 $5 {Cifuentes Parada}) 6... Be6 7. O-O-O+ (7. Nf3 {Cifuentes Parada
} Nbd7 8. O-O-O Bd6 $11) (7. f4 {Cifuentes Parada} exf4 8. e5 $6 (8. Bxf4 {
Cifuentes Parada} Nbd7 9. O-O-O Bb4 10. Nb5 Ba5) 8... h6 9. Bxf4 (9. Bh4 {
Cifuentes Parada} g5 10. exf6 gxh4 $15) 9... Ng4 $1 $15 (9... Nfd7 {Cifuentes
Parada} 10. h4 $1 $14) 10. h3 g5 11. hxg4 gxf4 12. O-O-O+ Nd7 13. g5 Bg7 14.
gxh6 Rxh6 15. Rxh6 Bxh6 16. Nd5 $2 (16. Nf3 {(Cifuentes Parada) >=}) 16... f3+
17. Kb1 c6 18. Nf6 fxg2 (18... f2 {Cifuentes Parada} 19. Nh3 $1) 19. Bxg2 Ke7
20. Nxd7 Rd8 (20... Bxd7 {Cifuentes Parada}) 21. Nf3 Rxd7 22. Rh1 (22. Rxd7+ {
Cifuentes Parada} Bxd7 $17) 22... Rd8 23. b3 Bf4 24. Re1 Rg8 25. Re2 Rg3 $17
26. Nd4 Bg4 27. Re4 Bd2 28. Bf1 $8 Bd7 29. e6 Rg1 $1 {0-1 de Firmian,N-Ubilava,
E/Moskva (GMA) 1989/Inf 47}) 7... Nbd7 (7... Kc8 $5 {Cifuentes Parada} 8. Nf3
Nbd7 9. Bh4 (9. Bxf6 $6 {Cifuentes Parada} gxf6 10. Nh4 Bc5 $15 {0-1 Hendriks,
J-Cifuentes,R/Holanda (ch) 1996 (41)}) 9... h6 10. Bg3 Bd6 11. Nd2 Re8 12. Nc4
Bb4 13. f3 Nh5 14. Bf2 Nf4 15. g3 Nh3 16. Be3 Ng5 17. Nd2 f6 18. a3 Bc5 19.
Bxc5 Nxc5 20. b4 Nd7 {1/2-1/2 Hommeles,T-Cifuentes Parada,R/NLD-ch op 1992 (32)
}) 8. f4 exf4 (8... h6 $4 {Cifuentes Parada} 9. Bxf6+ gxf6 10. f5 $18) 9. Nf3
h6 10. Bxf4 Bb4 $6 {'?' Cifuentes Parada. A very risky continuation, which
gives white the opportunity to develop a very active play.} ({Much better is
the solid} 10... c6 $142 {[%csl Gb5,Gd5]} 11. Nd4 Bb4 12. e5 (12. Nxe6+ {
Cifuentes Parada} fxe6 13. Bc4 Ke7 14. Rhe1 Nh5 15. Bd2 Bd6 16. g3 Ne5 17. Be2
Nf6 $11) 12... Bxc3 13. exf6 Bxd4 14. Rxd4 gxf6 15. Be2) (10... Bc5 {Cifuentes
Parada} 11. Be2 Ng4 12. Ne5 Ngxe5 13. Bxe5 f6 14. Bf4 c6 15. Rd3 Kc8 16. Na4
Be7 $10 {Pedzich,D-Nesterov,J,Miedzybrodzie Zyw. 1991}) 11. Nb5 {[%csl Rc7]
'!' Cifuentes Parada.} Ba5 12. Ne5 g5 $146 (12... Ng4 13. Bc4 Ngxe5 14. Bxe6
fxe6 15. Bxe5 {[%csl Gg7][%cal Gh1f1]} a6 16. Na3 {[%cal Ga3c4]} Rg8 17. Nc4
Bb4 18. Rhf1 Kc8 19. Bxc7 $1 Kxc7 20. Rf7 Rad8 21. Ne5 Bd6 22. Nxd7 Kc6 23. e5
Bc7 24. Rd3 Ba5 25. a3 Be1 26. Kd1 $18 Ba5 27. b4 Bb6 28. Rd6+ {1-0 Cosma,
E-Stanciu,G/Calimanesti 1992/EXT 97 (28)}) (12... Bb6 13. Bc4 Bxc4 14. Nxc4 Rc8
15. e5 Nh5 16. Bd2 {[%csl Rh5][%cal Gg2g4]} g5 17. Rhf1 $18 {Stempin-Pida
Pol-ch 1990}) 13. Bg3 Bb6 $6 ({The only chance was the very brave} 13... Nxe4
$1 14. Bc4 (14. Rxd7+ $2 Bxd7 15. Nxf7+ Ke7 16. Nxh8 Nxg3 $17) (14. Nxd7 Bxd7
15. Be5 Re8) (14. Nd4 Nxg3 15. Nxe6+ Ke7 16. Rxd7+ Kxe6 17. Bc4+ Kxe5 18. hxg3
Rad8 $11) 14... Rh7 $3 {a fantastic defence, after which I didn't find
something clear for white, though black's position remains dangerous.} ({Losing
} 14... Nxg3 15. Bxe6 (15. hxg3 $2 Ke7 $1 16. Bxe6 Nxe5 $17) 15... Ne2+ 16. Kb1
fxe6 17. Rxd7+ Kc8 18. Rhd1 $18 {[%cal Ge5f7,Gd7d8]}) 15. Rhf1 (15. Bxe6 fxe6
16. Rhf1 Ke8 17. Nxd7 Rxd7 18. Rxd7 Kxd7 19. Rf7+ Kc6 $1 (19... Ke8 $143 20.
Rh7 Rd8 21. Bxc7 Bd2+ 22. Kb1 Rd7 23. Rxh6 $16) 20. Nxc7 Rd8 21. Nxe6 Rd2 $132)
(15. Nxd7 Bxd7 16. Bd3 f5 $13) (15. Be1 Bb6) (15. Bd3 Nxg3 16. hxg3 Rh8 17.
Nxd7 Kxd7 $1 $17) 15... Ke8 16. Nxd7 (16. Bxe6 {leads to 15Be6}) 16... Bxc4 17.
Nxc7+ Bxc7 18. Rfe1 f5 (18... Bxg3 19. Rxe4+ Be6 20. hxg3 Ke7 21. Nc5 $16 {
[%cal Gd1d7]}) 19. Nf6+ Kf7 (19... Ke7 20. Nxe4 fxe4 21. Rxe4+ Kf6 22. Rxc4
Bxg3 23. hxg3 Re8 $14) 20. Nxh7 Bxg3 21. hxg3 Be6 {[%csl Gd7][%cal Ga8h8]} 22.
g4 Rh8 $11) (13... Kc8 $6 14. Bc4 a6 15. Bxe6 fxe6 16. Nd4 {[%csl Re6]} Re8 17.
Rhf1 $16) 14. Bc4 {[%csl Rf7]} Re8 (14... Kc8 $142 15. Bxe6 fxe6 16. Rhf1 $16)
15. Rhf1 {White's last piece comes into play and black cannot hold such a
strong pressure, he starts to lose material.} Be3+ (15... Kc8 16. Bxe6 fxe6 17.
Nxd7 $1 (17. Nc4 $16 {[%csl Rc7]}) 17... Nxd7 18. Rf7 Rd8 19. Rd3 $1 $18 a6
$140 20. Nxc7 Bxc7 21. Rc3) 16. Kb1 Bxc4 17. Nxc4 Bf4 18. Bxf4 {and white wins}
gxf4 19. Rxf4 $18 Kc8 20. e5 a6 (20... Nxe5 21. Rxf6 Nxc4 22. Rxf7 $18 {
[%csl Rc7]}) 21. Nbd6+ cxd6 22. Nxd6+ (22. Nxd6+ Kc7 23. Nxe8+ Nxe8 24. Rxf7
Rd8 25. e6 $1 $18) 1-0

[Event "Budapest FS04 GM-A"]
[Site "Budapest"]
[Date "2002.04.04"]
[Round "3"]
[White "Czebe, Attila"]
[Black "Horvath, Csaba"]
[Result "0-1"]
[WhiteElo "2462"]
[BlackElo "2539"]
[Annotator "Avrukh,B"]
[PlyCount "112"]
[EventDate "2002.04.02"]
[EventType "tourn"]
[EventRounds "13"]
[EventCountry "HUN"]
[EventCategory "9"]
[SourceTitle "CBM 089"]
[Source "ChessBase"]
[SourceDate "2002.08.12"]
[SourceVersion "1"]
[SourceVersionDate "2002.08.12"]
[SourceQuality "1"]

1. Nf3 {Hecht} Nf6 2. d4 g6 3. Nbd2 Bg7 4. e4 d6 5. Bd3 O-O 6. O-O c5 7. c3
cxd4 8. cxd4 Nc6 9. d5 (9. h3 e5 10. Nb3 (10. d5 Nb4 11. Bb1 Nh5) 10... exd4
11. Nbxd4 Nxd4 12. Nxd4 Re8 {[%csl Ge4]} 13. Re1 a6 {[%csl Gb5]} 14. Nf3 Bd7
15. Bg5 h6 16. Bh4 Qb6 17. Rb1 Be6 18. b3 Nd7 $11 {1/2-1/2 Egin,V-Malaniuk,V/
Elista 1998/CBM 66 ext (25)}) 9... Nb4 ({More passive is} 9... Nb8 10. Nb3 Nbd7
11. h3 $14 {1/2-1/2 Troselj,T-Paljusaj,E/Pula 2000/EXT 2001 (21)}) 10. Nb3 $6 {
After this doubtfull decision white will suffer the whole game. Much better
was to keep the bishop:} (10. Bc4 $142 a5 (10... Bd7 $5) 11. Re1 Bd7 12. a3 Na6
13. Nb3 Ba4 14. Qe2 Bxb3 15. Bxb3 Nc5 16. Bc2 Nfd7 17. Rb1 $11 {1-0 Meduna,
E-Jirovsky,P/Prague 1994/EXT 97 (35)}) 10... Nxd3 11. Qxd3 Qb6 (11... e6 12.
dxe6 Bxe6 13. Nbd4 $11) 12. Be3 Qb4 13. Nbd4 (13. Bd4 $5 Bd7 14. Rfe1 Rfc8 15.
Nfd2 a5 16. Bc3 Qb6 17. Rac1 $11) 13... Bd7 14. a3 Qa4 15. h3 Rfc8 16. Rfc1 (
16. Rac1 {looks more logical}) 16... Be8 {[%cal Gf6d7]} 17. Re1 $2 (17. Bd2
$142 Nd7 $140 18. Bc3 Nc5 19. Qe3 $11) 17... Qc4 $1 18. Qxc4 (18. Qb1 Nd7 19.
Rc1 Qa6 {and the white queen on b1 is very passive.}) 18... Rxc4 $15 {The
endgame is clearly better for black. He controls the c-file and has two
bishops, the only problem is that the bishop on e8 is passive right now.} 19.
Nd2 Rc7 20. Rac1 Rac8 21. Ne2 (21. Rxc7 Rxc7 22. Kf1 Bd7 {[%cal Ge7e6]} 23. Ke2
e6 24. dxe6 fxe6 $15) 21... Nd7 {[%cal Gg7b2]} 22. b3 Nc5 {[%csl Gd3]} ({
It doesn't work} 22... Bb2 {in view of} 23. Rxc7 Rxc7 24. Nc4) 23. a4 a6 {
Black has many options here, but nothing is clear:} (23... Nd3 $5 24. Rxc7 Rxc7
25. Rd1 {[%csl Ga7]} b5 (25... Nb2 26. Rc1) (25... Rc2 $5 26. Nf3 Nc5 27. Rd2
Rxd2 28. Nxd2 f5 $15) 26. a5 b4 {[%cal Ge8b5]} 27. Nd4 (27. Bd4 Nf4 $1) 27...
Nc1 {[%cal Gg7d4,Gc1e2]} 28. N2f3 Na2 29. Kf1 $13) (23... a5 {[%cal Gb7b5]} 24.
Nd4 (24. Bd4 $143 Bh6 $1 25. f4 Nd3 $17) 24... e6 25. dxe6 fxe6 26. Nb5 Bxb5
27. axb5 Nd3 28. Rxc7 Rxc7 29. Rd1 $11 {[%cal Gd2c4]}) (23... e6 $5 {Was solid
option ,trying to open the play}) 24. Red1 (24. Nd4 f5 $1 25. exf5 $140 Bf7 {
[%csl Gd5]}) 24... Bb2 $6 {Not the best manoeuvre. It gives white enough time
to consolidate his position.} (24... b5 25. a5 b4 26. Nd4 $13) (24... a5 $142
$5 {[%cal Gb7b5]} 25. Nd4 e6 $15) 25. Rc2 Ba3 26. Nd4 (26. Ra1 $143 Bb4 27.
Rac1 b5 28. axb5 Bxb5 $17 {[%cal Gb5d3]}) 26... Bb4 27. f3 $6 (27. Rdc1 $142 e5
$140 28. dxe6 fxe6 29. e5 dxe5 30. N4f3 $11) 27... Nd3 28. Rxc7 Rxc7 29. Nf1 (
29. Nc4 Ne5 $17) 29... Ne5 30. Rc1 $2 (30. Kf2 {Was clearly better and it is
not so clear how black can improve his position.}) 30... Rxc1 31. Bxc1 Nd3 $17
{[%csl Gb3,Gb4,Re8,Rg1]} 32. Be3 Bd7 33. Nc2 Ba5 (33... Bc3 34. Bd4) 34. Ng3 {
[%cal Gg1f1,Gf1e2]} f5 $1 (34... Nc5 $143 35. b4 Bxa4 36. bxa5 Bxc2 37. Kf2 {
with good drawing chances}) 35. Ne2 ({It doesn't work} 35. Kf1 f4 36. Ke2 Nc5
$1 37. b4 (37. Bxc5 dxc5 38. Nf1 b5 39. axb5 Bxb5+ 40. Kf2 c4 {is hopeless for
white.}) 37... Bxb4 38. Nxb4 fxe3 39. a5 Nb3 $19) 35... fxe4 36. fxe4 Kf7 37.
Nf4 Nxf4 38. Bxf4 {Hecht: 'starkes schwarzes Läuferpaar, das durch mehrfache
Bauerntauschaktionen an Kraft gewinnt.'} b5 {'!' Hecht.} 39. axb5 Bxb5 $19 {
[%csl Ga5,Gb5][%cal Gb5d3] Finally the white squared bishop comes into play
and white's position collapses in a few moves.} 40. e5 (40. Nd4 Bb6 41. Be3 Bd3
$19) 40... Bd3 41. Ne3 dxe5 42. Bxe5 Bb6 43. Kf2 Be4 44. d6 {Losing without
chances} ({A last try was} 44. Ke2 Bxe3 45. Kxe3 {Hecht: 'führt zu doppeltem
Bauerngewinn'} Bxg2 {[%cal Gg2h3,Gg2d5]} (45... Bxd5 {Hecht} 46. b4 Bxg2 47. h4
Ke6 48. Bg7 Kf5 49. Bf8 e5 50. Be7 {ist ebenfalls nur schwer zu gewinnen}) 46.
h4 Bxd5 47. b4 Ke6 48. Kf4 (48. Kd4 Bg2 $19 {[%cal Ge6f5,Gf5g4]}) 48... Ba2 49.
Ba1 Kd5 50. Bc3 Kc4 51. Be1 Kd4 {[%cal Ge7e5] and two pawns are enough for a
win, though different colour bishops.}) 44... exd6 45. Bxd6 Bxg2 $1 46. h4 (46.
Kxg2 Bxe3 47. Kf3 Ke6 48. Bf8 (48. Ba3 {Hecht} Bd2 49. Ke4 g5 50. Bc5 h5 51.
Bb6 {war eine weitere bessere Überlebenschance im einfachen Läuferendspiel mit
zentralem König als im Kampf gegen das dominante Läuferpaar}) 48... Bc1 49. Ke4
h5 {is also easily winning for black.}) 46... Bd5 {The last part ot the game
is very easy for black} 47. b4 Ke6 48. Bg3 Bd8 {[%csl Gh4]} 49. Ke2 Bb7 50. Be1
Ke5 51. Kd3 Be4+ 52. Kc4 Bc6 53. Nc2 Bb5+ 54. Kb3 Kf4 55. Nd4 Kg4 56. Ne6 Bxh4
0-1

[Event "Corus-B"]
[Site "Wijk aan Zee"]
[Date "2000.01.24"]
[Round "6"]
[White "Nisipeanu, Liviu Dieter"]
[Black "Delemarre, Jop"]
[Result "1-0"]
[WhiteElo "2611"]
[BlackElo "2354"]
[Annotator "Avrukh,B"]
[PlyCount "65"]
[EventDate "2000.01.18"]
[EventType "tourn"]
[EventRounds "11"]
[EventCountry "NED"]
[EventCategory "11"]
[SourceTitle "CBM 075"]
[Source "ChessBase"]
[SourceDate "2000.04.05"]
[SourceVersion "1"]
[SourceVersionDate "2000.04.05"]
[SourceQuality "1"]

1. e4 d6 2. d4 Nf6 3. Nc3 g6 4. Nge2 Bg7 5. g3 O-O 6. Bg2 e5 7. h3 (7. O-O c6
8. a4) 7... c6 8. a4 a5 9. O-O Na6 10. Bg5 (10. Re1 Re8 11. Be3 Nb4 12. Qd2
exd4 13. Bxd4 Qc7 14. Rad1 Be6 15. Nf4 Rad8 16. b3 Bc8 $11 {1-0 De Gleria,
F-Todorov,T/Budapest 1998/CBM 63 ext (42)}) 10... Nc7 $6 $146 {Simply waste of
time,clearly better was well-known 10...Nb4} (10... Nb4 $142 11. Qd2 Be6 (11...
Qc7 12. Rad1 Re8 13. g4 Be6 14. d5 Bc8 15. dxc6 Qxc6 16. Nb5 $1 Be6 17. Nec3
$16 {[%csl Gd6] 1-0 Grischuk,A-Gelman,A/Moscow 1998/EXT 2000 (39)}) 12. Rad1
Bc4 13. Rfe1 Qc7 14. b3 Ba6 15. Kh2 {1/2-1/2 Chatalbashev,B-Spasov,V/Plovdiv
BUL 1999 (15)}) (10... exd4 11. Nxd4 Re8 12. Re1 Nc5 {1/2-1/2 Milu,R-Marin,M/
Herculane 1996/CBM 56 ext (12)}) 11. Qd2 Ne6 12. Be3 exd4 13. Nxd4 Nc5 14. Rad1
Re8 $2 {Black misses not so complecated tactical blow,after which white
advantage becomes clear.} (14... Qe7 $142 15. Bg5 Re8 16. Rfe1 Qc7 $14) (14...
Qc7 15. Nde2 $1 $16 {[%csl Gd6]}) 15. Nxc6 $1 {[%mdl 64]} bxc6 16. Bxc5 Ba6 $6
(16... Bxh3 $142 $8 17. Qxd6 (17. Bxh3 $143 dxc5 18. Bg2 Nh5 $1 {and black is
not worse}) 17... Qxd6 (17... Bxg2 18. Qxd8 Raxd8 19. Rxd8 Rxd8 20. Kxg2 Rd2
21. Rc1 $18 {[%cal Gc5e3]}) 18. Rxd6 Bxg2 19. Kxg2 Nxe4 20. Nxe4 (20. Rxc6 Nxc3
21. bxc3 Rec8 $11) 20... Rxe4 21. b3 Re2 22. Rfd1 (22. c4 {[%csl Gb3]} Rb2)
22... Be5 23. R6d2 Rxd2 24. Rxd2 $16 {[%csl Ga5,Gc6]}) 17. Bxd6 Bxf1 18. Kxf1
$16 {White gets a clear advantage in this part of the game;white has two pawns
and two bishops for the exchange,but the main problem for black is piece
coordination,that doesn't work till the end of this game.} Nd7 (18... Nd5 19.
exd5 Qxd6 20. dxc6 $18) 19. f4 {[%cal Ge4e5]} Nb6 (19... Qb6 $142 20. e5 Rad8
21. Ne4 $16 Nxe5 $140 22. fxe5 Bxe5 23. Bxe5 Rxd2 24. Nf6+ Kf8 25. Rxd2 $18)
20. Qd3 Nc8 21. Bc5 Qc7 22. e5 Nb6 23. Qd6 Qxd6 24. Rxd6 $18 (24. exd6 $143 Nd7
(24... Nc4 25. Bxc6 Nxb2 26. d7 Nxd1 27. Nxd1 $18) 25. Bxc6 Nxc5 26. d7 Nxd7
27. Bxa8 Nb6 28. Bc6 Rc8 29. Bb5 Bxc3 30. bxc3 Rxc3 31. Rd6 Nc4 32. Ra6 $16)
24... Nc4 25. Bxc6 $1 Rec8 (25... Nxd6 26. exd6 Bxc3 27. bxc3 Rec8 28. Bxa8
Rxa8 29. Bb6 $18) 26. Bxa8 Nxd6 27. exd6 Rxa8 28. Bb6 Bf8 29. d7 Be7 30. Nd5
Bd8 31. c4 Kf8 32. c5 Rb8 33. Bxd8 1-0